header

Cultures of glass architecture (Record no. 228880)

MARC details
000 -LEADER
fixed length control field 01748nam a22003854a 4500
082 04 - DEWEY DECIMAL CLASSIFICATION NUMBER
Classification number 721/.04496
100 1# - MAIN ENTRY--AUTHOR NAME
Personal name Elkadi, Hisham.
245 10 - TITLE STATEMENT
Title Cultures of glass architecture
260 ## - PUBLICATION, DISTRIBUTION, ETC. (IMPRINT)
Place of publication Aldershot, England ;
-- Burlington, VT :
Name of publisher Ashgate,
Year of publication c2006.
300 ## - PHYSICAL DESCRIPTION
Number of Pages xiv, 103 p. :
Other physical details ill.
490 1# - SERIES STATEMENT
Series statement Design and the built environment series
505 0# - FORMATTED CONTENTS NOTE
Formatted contents note Glassworks: the history of glass and its architectural identity -- Green glass: environmental perspectives on using glass in architecture -- Glazed spaces: constructing place identity -- Shattered glass: structures of power -- Seeing through glass: a technical review -- A glazed future: rethinking identity.
650 #0 - SUBJECT ADDED ENTRY--TOPICAL TERM
Topical Term Glass construction.
Topical Term Architecture and globalization.
856 40 - ELECTRONIC LOCATION AND ACCESS
Uniform Resource Identifier http://site.ebrary.com/lib/rucke/Doc?id=10211415

No items available.

© 2026 Rongo University
Contact us: librarian | system librarian | Rongo university